LEADER 01570nam 2200421 a 450 001 9910703275003321 005 20111109135257.0 035 $a(CKB)3460000000114850 035 $a(OCoLC)750229930 035 $a(EXLCZ)993460000000114850 100 $a20110907d2011 ua 0 101 0 $aeng 135 $aurbn||||m|||| 181 $ctxt$2rdacontent 182 $cc$2rdamedia 183 $acr$2rdacarrier 200 10$aPopular uprising in the Middle East$b[electronic resource] $ethe implications for U.S. policy : hearing before the Committee on Foreign Relations, United States Senate, One Hundred Twelfth Congress, first session, March 17, 2011 210 1$aWashington :$cU.S. G.P.O.,$d2011. 215 $a1 online resource (iii, 39 pages) 225 1 $aS. hrg. ;$v112-56 300 $aTitle from title screen (viewed on Sept. 7, 2011). 300 $aPaper version available for sale by the Supt. of Docs., U.S. G.P.O. 517 $aPopular uprising in the Middle East 606 $aRevolutions$zMiddle East 606 $aGovernment, Resistance to$zMiddle East 606 $aDemocratization$zMiddle East 607 $aMiddle East$xPolitics and government 607 $aUnited States$xForeign relations$zMiddle East 607 $aMiddle East$xForeign relations$zUnited States 615 0$aRevolutions 615 0$aGovernment, Resistance to 615 0$aDemocratization 801 0$bGPO 801 1$bGPO 906 $aBOOK 912 $a9910703275003321 996 $aPopular uprising in the Middle East$93454983 997 $aUNINA LEADER 01333nam1 22003493i 450 001 LO10439443 005 20231121125520.0 100 $a20150514d1941 ||||0itac50 ba 101 | $aita 102 $ait 181 1$6z01$ai $bxxxe 182 1$6z01$an 200 1 $aEschilo$fR. Cantarella 210 $aFirenze$cG.C. Sansoni 215 $a v.$d20 cm. 225 | $aBiblioteca dell'Istituto nazionale del dramma antico 410 0$1001CUB0139544$12001 $aBiblioteca dell'Istituto nazionale del dramma antico 463 1$1001LO10439445$12001 $a˜1: œTradizione ed originalità$fR. Cantarella$v1 606 $aEschilo$2FIR$3RMLC060196$9E 676 $a882.01$9Poesia drammatica e letteratura drammatica greca classica. Periodo antico, fino al 499 ca.$v22 700 1$aCantarella$b, Raffaele$3CFIV017186$4070$0161950 790 1$aCantarella$b, R.$3SBNV077404$zCantarella, Raffaele 801 3$aIT$bIT-01$c20150514 850 $aIT-RM0418 $aIT-FR0017 899 $aBIBLIOTECA ACCADEMIA NAZ. DEI LINCEI E CORSINIANA$bRM0418 899 $aBiblioteca umanistica Giorgio Aprea$bFR0017 912 $aLO10439443 950 1$aBiblioteca umanistica Giorgio Aprea$d 52DLM C /B /16.1 967 $m1 977 $a 10$a 52 996 $aEschilo$9931000 997 $aUNICAS